General Knowledge #6 - Statistics

General Stats
  • This quiz has been taken 41 times
  • The average score is 9 of 15
Answer Stats
Question Answer % Correct
What language does the word ‘rendezvous’ come from? French
89%
What year did WW2 end? 1945
86%
Who founded Ford Motors? Henry Ford
86%
What mineral is essential for healthy bones? Calcium
81%
Name a country that starts with the letter Q Qatar
81%
What is the periodic symbol for sodium? Na
65%
Periwinkle is a shade of what color? Purple
62%
What bodily system fights off disease? Immune
59%
Name a country in Europe that starts with the letter K Kosovo
54%
What is the study of fossils called? Paleontology
46%
What is the worlds largest desert? Antarctica
41%
What is it called when a word sounds the same but is spelled differently? Homophone
41%
What is the process of a caterpillar turning into a butterfly called? Metamorphosis
41%
What is South Dakota’s state capital? Pierre
27%
What is the birthstone of August? Peridot
24%
No matching quizzes found
Score Distribution
Percent of People with Each Score
Percentile by Number Answered
Your Score History
You have not taken this quiz